00301nam a2200121Ia 4500008004100000100002900041245002300070260003200093300000700125650002300132942000700155999001700162190216s9999||||xx |||||||||||||| ||und|| aVasudeva Menon Pattathil 0aChittum Chikidayum bPoorna Pubs Kozhikodec1987 a92 aMalayalam Kathakal cBK c28209d28209